00397nam a2200157Ia 4500008004100000020001500041082001300056100002200069245004700091250000600138260002800144300001000172500002400182650001600206700001700222230524s9999 xx 000 0 und d a818845897X a612bPAN aOnkar Nath Pandey 0aBiomedical Electronics and Instrumentation a3 aNew DelhibKatsonc2010 a380p; aQuantity Number: 1 aBio-medical aRakesh Kumar